| 000 | 00711nam a22002057a 4500 | ||
|---|---|---|---|
| 999 |
_c20256 _d20256 |
||
| 003 | AR-CdUCM | ||
| 008 | 190528b ||||| |||| 00| 0 spa d | ||
| 040 |
_aMUNICIPALIDAD PROVINCIAL DEL CUSCO _cBIBLIOTECA MUNICIPAL DEL CUSCO |
||
| 082 |
_a869.56 / _bG25 |
||
| 100 |
_aGarcía y García, Elvira _926075 |
||
| 245 |
_aVoces lejanas : _bCuentos, leyendas, poemas, añoranzas,reflexiones y anhelos de paz / |
||
| 260 |
_aLima _bD. Miranda - Azángaro _c1944 |
||
| 300 |
_a213 páginas ; _c22 cm. |
||
| 505 | _aContenido : Santa Rosa de Lima -- En pos de un ideal -- Jugar con fuego... | ||
| 650 |
_aCuentos _9217 |
||
| 650 |
_aLeyendas _92226 |
||
| 650 |
_aPoemas _9929 |
||
| 942 |
_2ddc _cLIBROS |
||
| 945 | _aandy | ||